00486nam a22001697a 4500003000400000020001800004082001800022245006600040260004400106300001900150650004100169650001100210650002500221650002500246650002600271700001900297OSt a9780199541188 a597.8bDOD/AM aAmphibian ecology and conservation:ba handbook of techniques aNew YorkbOxford University Pressc2010 axxv, 556 Pages aAmphibian diversity and life history aLarvae aJuveniles and adults aAmphibian population aAmphibian communities aDodd C Kenneth